|
|
|
|
| LEADER |
00000nam0a2200000 4500 |
| 001 |
147983 |
| 005 |
20231031145241.0 |
| 010 |
|
|
|a 9785911318093
|
| 035 |
|
|
|a (RuTPU)RU\TPU\book\160414
|
| 035 |
|
|
|a RU\TPU\book\121271
|
| 090 |
|
|
|a 147983
|
| 100 |
|
|
|a 20070323d2009 m y0rusy50 ca
|
| 101 |
0 |
|
|a rus
|
| 102 |
|
|
|a RU
|
| 105 |
|
|
|a y j 001zy
|
| 200 |
1 |
|
|a Теория экономического анализа
|e учебное пособие
|f И. В. Зенкина
|
| 205 |
|
|
|a 2-е изд.
|
| 210 |
|
|
|a Москва
|c Дашков и К
|d 2009
|
| 215 |
|
|
|a 208 с.
|
| 320 |
|
|
|a Библиогр.: с. 203-204.
|
| 330 |
|
|
|a Учебное пособие написано в соответствии с Государственным образовательным стандартом и программой. В нем рассмотрены роль анализа финансово-хозяйственной деятельности в системе управления организацией, методы и приемы экономического анализа, методология комплексной оценки эффективности деятельности организации. Учебное пособие ориентировано на выработку практических способностей применения методических приемов и способов экономического анализа в исследовании хозяйственных процессов и явлений, при обосновании различных управленческих решений и выявлении резервов. Для студентов, обучающихся по специальности "Бухгалтерский учет, анализ и аудит", студентов других экономических специальностей, а также для преподавателей экономических вузов, бухгалтеров и финансовых менеджеров.
|
| 451 |
|
1 |
|0 (RuTPU)RU\TPU\book\121271
|y 5-91131-189-5
|t Теория экономического анализа
|o учебное пособие
|f И. В. Зенкина
|c М.
|n Дашков и К
|d 2007
|p 208 с.
|a Зенкина, Ирина Владимировна
|
| 606 |
1 |
|
|a Экономический анализ
|2 stltpush
|3 (RuTPU)RU\TPU\subj\37444
|
| 610 |
1 |
|
|a экономика
|
| 610 |
1 |
|
|a хозяйственная деятельность
|
| 610 |
1 |
|
|a экономическая информация
|
| 610 |
1 |
|
|a стохастический анализ
|
| 610 |
1 |
|
|a факторный анализ
|
| 610 |
1 |
|
|a экономические резервы
|
| 610 |
1 |
|
|a информационное обеспечение
|
| 610 |
1 |
|
|a практикумы
|
| 610 |
1 |
|
|a учебные пособия
|
| 686 |
|
|
|a У053я73
|v LBC/SL-A
|2 rubbk
|
| 700 |
|
1 |
|a Зенкина
|b И. В.
|g Ирина Владимировна
|
| 801 |
|
1 |
|a RU
|b 63413507
|c 20081125
|g PSBO
|
| 801 |
|
2 |
|a RU
|b 63413507
|c 20150825
|g PSBO
|
| 900 |
|
|
|a Теория экономического анализа
|
| 942 |
|
|
|c BK
|
| 951 |
|
|
|b 080109
|b 080105
|b 080102
|
| 955 |
|
|
|a 521600
|b 080100
|
| 959 |
|
|
|a 112/20081124
|d 2
|e 110,00
|f АНЛ:1
|f ЧЗГЛ:1
|